LDR 01199naa#a2200241#i#450# 001 RU\\bibl\123927 005 20260605011857.5 011 ## _a2500-4379 100 ## _a20260526b2026####ek#y0rusy0150####ca 101 0# _aRUS 102 ## _aRU 200 1# _aантимикробная активность лекарственного препарата Амклав®Вет в отношении полевых штаммов микроорганизмов, выделенных от кошек и собак _eЖурнальная статья 210 1# _aМосква _cООО Издательство «Логос Пресс» _d2026 215 ## _a9 с. 608 ## _aЖурнальная статья _2local 686 ## _aВетеринария. 68.41 _2grnti 700 #1 _aНасырова _gВалентина Владимировна 700 #1 _aКраева _gЛюдмила Александровна 700 #1 _aАфиногенова _gАнна Геннадьевна 700 #1 _aБрагина _gСофия Сергеевна 700 #1 _aКасаткина _gЕлизавета Витальевна 700 #1 _aГусева _gНаталья Владимировна 856 4# _alogospress.editorum.ru _u